000 00538cam a22002174a 4500
005 20250605164249.0
008 250528s ||||||||||||||||||||||||d
035 _a21641
020 _a9780273701484
040 _aGR-AtMCL
_bgre
_dGR-AtMCL
_eAACR2
245 1 _aRESEARCH METHODS FOR BUSINESS STUDENTS
250 _a4
260 _bPrentice Hall,
_c2007
300 _a624
700 1 _aLewis Philip
_9103
700 1 _aSaunders Mark
_9104
700 1 _aThornhill Adrian
_9105
942 _cBK
999 _c6702
_d6702